| 000 | 01464cam a2200409Ia 4500 | ||
|---|---|---|---|
| 001 | 50750 | ||
| 005 | 20230411090005.0 | ||
| 008 | 061122s2006 mx f000 0 spa d | ||
| 035 | _a(OCoLC)ocm76858919 | ||
| 040 |
_aPL# _cPL# _dBAKER _dBTCTA _dGZM _dYDXCP |
||
| 020 | _a9681682858 (pbk.) | ||
| 020 | _a9789681682859 | ||
| 029 | 0 |
_aPL# _b060025066 |
|
| 029 | 1 |
_aNLGGC _b303044780 |
|
| 035 | _a(OCoLC)76858919 | ||
| 043 | _an-mx--- | ||
| 090 |
_aHD7131 _b.O78 2006 |
||
| 049 | _aGRAL | ||
| 100 | 1 |
_aOrtiz, Mauricio, _d1954- |
|
| 245 | 1 | 3 |
_aEl seguro popular : _buna crónica de la democracia mexicana / _cMauricio Ortiz. |
| 246 | 3 | 0 | _aCrónica de la democracia mexicana |
| 250 | _a1a. ed. | ||
| 260 |
_aMéxico, D.F. : _bSecretaría de Salud : _bFundación Mexicana para la Salud : _bInstituto Nacional de Salud Pública : _bFondo de Cultura Económica, _c2006. |
||
| 300 |
_a125 p. ; _c23 cm. |
||
| 440 | 0 |
_aBiblioteca de la salud. _pLecturas |
|
| 650 | 0 |
_aSocial security _zMexico. |
|
| 650 | 0 |
_aPublic health _zMexico. |
|
| 650 | 0 |
_aSocial security _xLaw and legislation _zMexico. |
|
| 653 |
_aSeguridad social _aMéxico |
||
| 653 |
_aSalud pública _aMéxico |
||
| 938 |
_aPuvill Libros _bPUVL _n9681682858 _c$30.19 |
||
| 938 |
_aBaker & Taylor _bBKTY _c12.95 _d9.71 _i9681682858 _n0007128352 _sactive |
||
| 938 |
_aBaker and Taylor _bBTCP _nBK0007128352 |
||
| 938 |
_aYBP Library Services _bYANK _n2688349 |
||
| 942 |
_2lcc _cbk |
||
| 994 |
_aC0 _bDRFGD |
||
| 999 |
_c110515 _d110515 |
||